书目信息 |
| 题名: |
布艺花瓶
|
|
| 作者: | 约翰森 著 ;传神 译 | |
| 分册: | ||
| 出版信息: | 北京 化学工业出版社 2010.01 |
|
| 页数: | 72页 | |
| 开本: | 23cm | |
| 丛书名: | 家居布艺巧手做 | |
| 单 册: | ||
| 中图分类: | TS973.5 | |
| 科图分类: | ||
| 主题词: | 布料--手工艺品--制作 | |
| 电子资源: | ||
| ISBN: | 978-7-122-06711-1 | |
| 000 | 01195nam 2200277 450 | |
| 001 | 0011276674 | |
| 005 | 20100510145949.51 | |
| 010 | @a978-7-122-06711-1@dCNY19.80 | |
| 100 | @a20100515d2010 em y0chiy0110 ea | |
| 101 | 1 | @achi@ceng |
| 102 | @aCN@b110000 | |
| 105 | @aa z 000yy | |
| 200 | 1 | @a布艺花瓶@Abu yi hua ping@d= Fast, fun&easy fabric vases@e6 sensational shapes-unlimited possibilities@f(美) 琳达·约翰森著@F(mei)lin da·yue han sen zhu@g传神译@zeng |
| 210 | @a北京@c化学工业出版社@d2010.01 | |
| 215 | @a72页@c图@d23cm | |
| 225 | 2 | @a家居布艺巧手做 |
| 306 | @a本书中文简体字版由C&T Publishing授权化学工业出版社独家出版发行。 | |
| 330 | @a本书以图例解说的形式介绍了各种形状的布艺花瓶的制作方法,直观、简单、好看,即使是初学者也能在一个下午做出一个花瓶,享受创造艺术作品时获得的快乐!适合布艺爱好者、爱家主妇及布艺用品设计经营者阅读。 | |
| 410 | 0 | @12001 @a家居布艺巧手做 |
| 500 | 10 | @aFast, fun&easy fabric vases@e6 sensational shapes-unlimited possibilities@mChi |
| 606 | 0 | @a布料@x手工艺品@x制作 |
| 690 | @aTS973.5@v4 | |
| 701 | 1 | @a约翰森@Ayue han sen@g(Johansen, Linda)@4著 |
| 702 | 0 | @a传神@Achuan shen@4译 |
| 801 | 0 | @aCN@c20100515 |
| 905 | @dTS973.5@eY944@f3 | |
| 布艺花瓶= Fast, fun&easy fabric vases:6 sensational shapes-unlimited possibilities/(美) 琳达·约翰森著/传神译.-北京:化学工业出版社,2010.01 |
| 72页:图;23cm.-(家居布艺巧手做) |
| ISBN 978-7-122-06711-1:CNY19.80 |
| 本书以图例解说的形式介绍了各种形状的布艺花瓶的制作方法,直观、简单、好看,即使是初学者也能在一个下午做出一个花瓶,享受创造艺术作品时获得的快乐!适合布艺爱好者、爱家主妇及布艺用品设计经营者阅读。 |
| ● |
| 相关链接 |
|
|
|
正题名:布艺花瓶
索取号:TS973.5/Y944
 
预约/预借
| 序号 | 登录号 | 条形码 | 馆藏地/架位号 | 状态 | 备注 |
| 1 | 980723 | 209807235 | 自科库501/501自科库 75排2列1层/ [索取号:TS973.5/Y944] | 在馆 | |
| 2 | 980724 | 209807244 | 自科库501/501自科库 75排2列1层/ [索取号:TS973.5/Y944] | 在馆 | |
| 3 | 980725 | 209807253 | 自科库501/501自科库 75排2列1层/ [索取号:TS973.5/Y944] | 在馆 |